000 00341nam a2200121Ia 4500
008 240731s9999 xx 000 0 und d
022 _a2837-5807
245 0 _aDigital Water : Knowledge Application & Hydroinformatics
260 _bTaylor & Francis Open
856 _uhttps://www.tandfonline.com/loi/tdwa20
942 _2ddc
942 _cTFEJ
999 _c76256
_d76256
945 _a1
_bMadushi Gamage
_c1
_dMadushi Gamage